Los mejores cuentos de ciencia ficción /

Ese repulsivo color rosa -- Piedras fritas -- Espejitos a los wtrpfffs

Guardado en:
Autor Principal: Trillo, Carlos.
Otros Autores: Varela, Lucas; il.
Formato: Libro
Idioma:Undetermined
Publicado: Buenos Aires : Arte Gráfico, 2008.
Edición:1a ed.
Series:Genios - Grandes libros ilustrados ; 14
Materias:
Etiquetas: Agregar Etiqueta
Sin Etiquetas, Sea el primero en etiquetar este registro!
LEADER 00839nam a22002415a 4500
001 CEM.cems021165
008 240515s2008####ag############000#0#und#d
005 20240515161844.0
245 1 0 |a Los mejores cuentos de ciencia ficción /  |c Carlos Trillo; ilustrado por Lucas Varela. 
250 |a 1a ed. 
260 |a Buenos Aires :  |b Arte Gráfico,  |c 2008. 
300 |a 48 p. 
490 1 |a Genios - Grandes libros ilustrados ;  |v 14 
520 |a Ese repulsivo color rosa -- Piedras fritas -- Espejitos a los wtrpfffs 
020 |a 9789870702283 
100 1 |a Trillo, Carlos. 
700 1 |a Varela, Lucas; il. 
653 |a Cuentos 
653 |a Literatura argentina 
653 |a Cuentos argentinos 
653 |a Literatura de ciencia ficción 
653 |a Ciencia ficción 
859 |a CEMS  |b BIB. CEMS - Inicial y Primaria  |h A868.4  |i P174-10  |k IP  |p 6574  |t Ej.1